Délen a helyzet ma még változatlan A gondok és a növekvő feszültség ellenére aránylag békés az együttélés

Bibliographic Details
Main Author: Szilvássy, József, 1946- (Author)
Format: Article
Language:Hungarian
Subjects:

MARC

LEADER 00000nab a2200000 a 4500
001 vtls000636034
003 SK-MaSNL
005 20260319075805.0
008 160401c1997 xo 0 hun
015 |a SNBRB19rr/mm-uuuuu 
035 |a CL0636173 
040 |a SNKBUCL  |b slo  |c SNKBUCL  |e AACR2 
041 0 |a hun 
044 |a xo  |c SK 
080 |a 323.1(437.6)  |2 1981 
100 1 |a Szilvássy, József,  |d 1946-  |4 aut  |9 18091 
245 1 0 |a Délen a helyzet ma még változatlan  |b A gondok és a növekvő feszültség ellenére aránylag békés az együttélés  |c József Szilvássy 
650 0 7 |a Maďari  |2 snkbucl  |9 18097 
650 0 7 |a Slováci  |2 snkbucl  |9 22552 
651 7 |a Slovensko južné  |2 snkbucl  |9 161138 
655 7 |a články z novín a časopisov  |2 snkbucl  |9 267496 
773 0 |t Új szó  |g Roč. 50, č. 217 (22. 9. 1997), s. 2 
850 |a Slovenská národná knižnica v Martine  |a DSG001 
852 |a SNK  |b KIS3GCP 
958 |a HU 
958 |a SK 
958 |a RK 
958 |a RBX 
999 |c 1427721  |d 1429651